五代十国历史地图(943年) - Statistics

General Stats
  • This quiz has been taken 117 times
  • The average score is 12 of 20
Answers on the Map
Answers color-coded by a green-red scale on the quiz's map according to % correct below.
 
Answer Stats
政权 % Correct
97%
南唐
96%
吴(越南)
96%
后晋
94%
吴越
91%
南汉
91%
89%
后蜀
84%
大理国
84%
76%
南平
71%
归义军
47%
定难
30%
甘州回鹘
26%
23%
于阗
15%
西州回鹘
14%
喀喇汗国
12%
河西(凉州)
11%
龟兹回鹘
9%
No matching quizzes found
Score Distribution
Percent of People with Each Score
Percentile by Number Answered
Your Score History
You have not taken this quiz